000 00355nam a22001577a 4500
003 MACL
005 20151129151623.0
008 151129b xxu||||| |||| 00| 0 eng d
040 _cMACL
041 _aEnglish
082 _a610/GUP
100 _aGupta,P.D.
_918758
245 _aPeeping Inside The Body
650 _aMedical
_918759
942 _2ddc
_cBK
999 _c51402
_d51402